000 00512nam a22001457a 4500
005 20260217084908.0
008 260217b |||||||| |||| 00| 0 eng d
020 _a9781609139995
100 _aCornelissen Nau Cynthia, Fisher D. Bruce & Harvey A. Richard
245 _aLippincott's Illustrated Reviews: Microbiology
_c/Cynthia, Bruce & Richard
250 _a3rd ed
260 _aPhiladelphia;
_bLippincott Williams & Wilkins, a Wolters Kluwer Business;
_c2013
300 _ax, 438p.ill;
_c27.5cm
942 _2ddc
_cBK
_n0
999 _c158
_d158